| 000 | 01506nam a22003977a 4500 | ||
|---|---|---|---|
| 003 | CHAP | ||
| 005 | 20220329141138.0 | ||
| 008 | 971010s1979 r 00010 d | ||
| 010 | _a63366 | ||
| 011 | _a64338 | ||
| 035 | _a69643 | ||
| 040 | _cCHAP | ||
| 090 | _aFolleto 139 | ||
| 100 | 0 | 0 |
_aPalacios Sánchez, Julio Enrique. _984836 |
| 245 | 1 | _aRelación entre un diseño experimental y las conclusiones que se desprenden de éste aplicadas a la investigación agrícola | |
| 260 |
_aChapingo, Méx. : _bUACH. Departamento de Irrigación, _c1979 |
||
| 300 | _a14 h. | ||
| 490 |
_aUACH. Boletín técnico _v; 6 |
||
| 590 |
_aBATCH-UPD _b10 _c20130109 _lUCH01 _h2336 |
||
| 590 |
_aBATCH-UPD _b10 _c20130110 _lUCH01 _h0654 |
||
| 590 |
_aBATCH-UPD _b10 _c20130409 _lUCH01 _h1903 |
||
| 590 |
_aBATCH-UPD _b10 _c20130410 _lUCH01 _h0339 |
||
| 590 |
_aBATCH-UPD _b10 _c20130914 _lUCH01 _h1206 |
||
| 590 |
_aBATCH-UPD _b10 _c20140805 _lUCH01 _h1146 |
||
| 590 |
_aCONVERSION _b10 _c20130109 _lUCH01 _h1334 |
||
| 650 | 1 | 4 |
_aAgricultura _xInvestigación. _91577 |
| 650 | 1 | 4 |
_aDiseños experimentales. _932735 |
| 710 | 0 |
_aUACH. Departamento de Irrigación. _9115874 |
|
| 830 | 0 |
_aUACH. Boletín técnico _v; 6 _9115822 |
|
| 901 | _aBK | ||
| 942 | _cFOLL | ||
| 949 |
_aFolleto 139 _bBC _cFOLL _d-95259 _eTS1 _i69643 _mD _si |
||
| 949 |
_aFolleto 139 _bBC _cFOLL _d-95260 _eTS2 _fc.2 _i69643 _mD _si |
||
| 949 |
_aFolleto 139 _bBC _cFOLL _d-95261 _eTS2 _fc.3 _i69643 _mD _si |
||
| 949 |
_aFolleto 139 _bBC _cUACH _d-95262 _eUACH _fc.4 _i69643 _mD _si |
||
| 999 |
_c63366 _d63366 |
||